Bài tập lập trình cơ sở ngôn ngữ Pascal
Saved in:
| Main Author: | |
|---|---|
| Format: | Book |
| Language: | Undetermined |
| Published: |
H.
Đại học quốc gia Hà Nội
2008
|
| Subjects: | |
| Online Access: | http://lrc.tdmu.edu.vn/opac/search/detail.asp?aID=2&ID=3380 |
| Tags: |
Add Tag
No Tags, Be the first to tag this record!
|
| Institutions: | Trung tâm Học liệu Trường Đại học Thủ Dầu Một |
|---|
| LEADER | 00711nam a2200193Ia 4500 | ||
|---|---|---|---|
| 001 | TDMU_3380 | ||
| 008 | 210410s9999 xx 000 0 und d | ||
| 082 | |a 005.13P | ||
| 090 | |b NG527 | ||
| 100 | |a Nguyễn, Hữu Ngự | ||
| 245 | 0 | |a Bài tập lập trình cơ sở ngôn ngữ Pascal | |
| 245 | 0 | |c Nguyễn Hữu Ngự | |
| 260 | |a H. | ||
| 260 | |b Đại học quốc gia Hà Nội | ||
| 260 | |c 2008 | ||
| 300 | |a 246tr. | ||
| 650 | |a Ngô ngữ lập trình Pascal; Lập trình cơ sở; Lập trình máy tính | ||
| 856 | |u http://lrc.tdmu.edu.vn/opac/search/detail.asp?aID=2&ID=3380 | ||
| 980 | |a Trung tâm Học liệu Trường Đại học Thủ Dầu Một | ||